Países visitados en "Mañana Será Bonito World Tour" por Karol G - Estadísticas

Estadísticas generales
  • Esta prueba ha sido intentada 28 veces
  • La puntuación promedio es 20 de 22
Respuestas en el mapa
Las respuestas están codificadas por una escala verde-roja en el mapa de la prueba según el % correcto abajo.
 
Estadísticas de respuestas
País % Correcto
Argentina
100%
Brasil
100%
Chile
100%
Colombia
100%
España
100%
Perú
100%
Alemania
95%
Estados Unidos
95%
Francia
95%
Italia
95%
México
95%
Paraguay
95%
Portugal
95%
Reino Unido
95%
Republica Dominicana
91%
Venezuela
91%
Belgica
86%
Países Bajos
86%
Suiza
82%
Costa Rica
73%
El Salvador
73%
Guatemala
73%
No se encontraron pruebas coincidentes
Distribución de puntuación
Porcentaje de gente con cada puntuación
Porcentaje por número respondido
Historial de tus puntuaciones
No has intentado esta prueba.